[Event "Viljandi Raud Memorial 57th"]
[Site "Viljandi"]
[Date "2023.07.02"]
[Round "1"]
[White "Blokhin, Sofia"]
[Black "Karis, Fredi"]
[Result "0-1"]
[WhiteElo "2062"]
[BlackElo "1234"]
[PlyCount "142"]
[EventDate "2023.07.02"]
[EventType "swiss"]
[EventRounds "9"]
[EventCountry "EST"]
[SourceTitle "CBM 215 Extra"]
[Source "ChessBase"]
[SourceDate "2023.09.30"]
[SourceVersion "1"]
[SourceVersionDate "2023.09.30"]
[SourceQuality "1"]

1. e4 c5 2. Nf3 Nc6 3. d4 cxd4 4. Nxd4 Nf6 5. Nc3 e6 6. a3 d5 7. Bb5 Bd7 8. exd5 exd5 9. 0-0 Be7 10. Be2 0-0 11. Bf4 Rc8 12. Nxc6 bxc6 13. Ba6 Bg4 14. Qd2 Rb8 15. Bxb8 Qxb8 16. h3 Bf5 17. b4 Qd6 18. Bd3 Be6 19. Ne2 h6 20. Ng3 Qd7 21. f4 Bd6 22. Ne2 Qc7 23. c3 Re8 24. Rac1 a5 25. Kh1 c5 26. bxc5 Qxc5 27. Ra1 Ne4 28. Bxe4 dxe4 29. Nd4 Bc4 30. Rfe1 Bd3 31. g3 Rb8 32. a4 Rd8 33. Kh2 Kh8 34. Nb5 Be7 35. Qe3 Qc6 36. Rad1 Bc5 37. Qd2 f5 38. Qa2 Rd7 39. Qb2 Kh7 40. c4 Bb4 41. Rg1 Qxc4 42. g4 e3 43. Qe5 Qc2+ 44. Rg2 Qxd1 45. g5 Bxb5 46. Qxf5+ g6 47. Qxb5 e2 48. Qxe2 Qxe2 49. Rxe2 Rd2 50. Rxd2 Bxd2 51. gxh6 Bxf4+ 52. Kg2 Kxh6 53. Kf3 Bc7 54. Kg4 g5 55. h4 gxh4 56. Kxh4 Kg6 57. Kg4 Kf6 58. Kf3 Ke5 59. Ke3 Kd5 60. Kd3 Kc5 61. Kc3 Be5+ 62. Kb3 Kd4 63. Kb2 Kc4+ 64. Ka3 Bd6+ 65. Kb2 Kb4 66. Ka2 Kxa4 67. Kb2 Kb4 68. Ka2 a4 69. Kb2 a3+ 70. Ka2 Be5 71. Kb1 Kb3 0-1